|
|
|
|
| LEADER |
01230cam a2200337 i 4500 |
| 010 |
|
|
|a 2015357488
|
| 020 |
|
|
|a 9351775526(hardback)
|
| 020 |
|
|
|a 9789351775522(hardback)
|
| 020 |
|
|
|z 9789351775539 (E-ISBN)
|
| 025 |
|
|
|a I-E-2015357488; 62-09; 69-09
|
| 035 |
|
|
|a (DLC)18948267
|
| 035 |
|
|
|a (DLC)2015357488
|
| 035 |
|
|
|a (OCoLC)933506014
|
| 035 |
|
|
|a (OCoLC)ocn933506014
|
| 042 |
|
|
|a lccopycat
|a lcode
|
| 043 |
|
|
|a a-pk---
|
| 050 |
0 |
0 |
|a BL2035.5.R45
|b I87 2015
|
| 082 |
0 |
4 |
|a 305.6095491
|
| 100 |
1 |
|
|a Ispahani, Farahnaz,
|
| 245 |
1 |
0 |
|a Purifying the land of the pure :
|b Pakistan's religious minorities /
|c Farahnaz Ispahani.
|
| 300 |
|
|
|a vii, 254 pages ;
|c 21 cm
|
| 504 |
|
|
|a Includes bibliographical references (pages 232-250).
|
| 530 |
|
|
|a Also available as an e-book.
|
| 650 |
|
0 |
|a Religious minorities
|
| 651 |
|
0 |
|a Pakistan
|x Politics and government
|y 1971-1988.
|
| 651 |
|
0 |
|a Pakistan
|x Politics and government
|y 1988-
|
| 906 |
|
|
|a 7
|b cbc
|c copycat
|d 3
|e ncip
|f 20
|g y-gencatlg
|
| 942 |
|
|
|c BK
|
| 955 |
|
|
|i wd38 2016-06-17 to CALM
|
| 999 |
|
|
|c 290339
|d 290339
|
| 952 |
|
|
|0 0
|1 0
|4 0
|6 305_609549100000000_ISP_P
|7 0
|8 RUSA
|9 330512
|a HIS
|b HIS
|c ST1
|d 2016-08-19
|i 24868
|l 0
|o 305.6095491 ISP/P
|p HIS24868
|r 2016-08-19
|w 2016-08-19
|y BK
|